000 00274nam a22001217a 4500
008 170130b xxu||||| |||| 00| 0 eng d
041 _aeng
080 _27th
_a618.2
100 _a2
101 _ainf
245 _aPREHOSPITAL EMERGENCY CARE
_cMISTOVICH, J.J
942 _2udc
_cBK
999 _c3971
_d3971